[Event "Winnipeg TNT October op"]
[Site "Winnipeg CAN"]
[Date "2017.10.24"]
[Round "4"]
[White "Ledorze, Phil"]
[Black "Leaden, Bruce"]
[Result "0-1"]
[WhiteElo "1871"]
[BlackElo "1505"]
[WhiteFideId "-1"]
[WhiteFideId "-1"]
[PlyCount "63"]
[GameId "2160767908330240"]
[EventDate "2017.10.03"]
[EventType "swiss"]
[EventRounds "4"]
[EventCountry "CAN"]
[SourceTitle "EXT 2022"]
[Source "ChessBase"]
[SourceDate "2021.10.06"]
[SourceVersion "1"]
[SourceVersionDate "2021.10.06"]
[SourceQuality "1"]

1. d4 e6 2. c4 f5 3. a3 Nf6 4. Nf3 Be7 5. Nc3 O-O 6. b4 Ne4 7. Bb2 Bf6 8. Qc2 Nxc3 9. Bxc3 d6 10. e3 Qe8 11. Bd3 b6 12. e4 Bb7 13. e5 dxe5 14. dxe5 Be7 15. Nd4 Qg6 16. O-O-O c5 17. Nb5 Nc6 18. Nd6 Bxd6 19. exd6 e5 20. g4 Qxd6 21. Bxf5 Qh6+ 22. Kb1 Nd4 23. Bxd4 Bxh1 24. Be3 Qxh2 25. Rd7 cxb4 26. axb4 a5 27. b5 Rad8 28. Bxb6 Rxd7 29. Bxd7 Qf4 30. Bf5 Rxf5 31. Be3 Qxg4 32. Qd3 0-1

[Event "Winnipeg TNT October op"]
[Site "Winnipeg CAN"]
[Date "2017.10.24"]
[Round "4"]
[White "Letain, Cory"]
[Black "Wolchock, Theo"]
[Result "1/2-1/2"]
[WhiteElo "1635"]
[BlackElo "2034"]
[WhiteFideId "-1"]
[WhiteFideId "-1"]
[PlyCount "78"]
[GameId "2160767908330241"]
[EventDate "2017.10.03"]
[EventType "swiss"]
[EventRounds "4"]
[EventCountry "CAN"]
[SourceTitle "EXT 2022"]
[Source "ChessBase"]
[SourceDate "2021.10.06"]
[SourceVersion "1"]
[SourceVersionDate "2021.10.06"]
[SourceQuality "1"]

1. d4 d5 2. c4 c6 3. cxd5 cxd5 4. Nc3 Nf6 5. Nf3 Nc6 6. Bf4 Nh5 7. Bg3 Nxg3 8. hxg3 e6 9. e3 Bd7 10. Bd3 h6 11. a3 Rc8 12. O-O Bd6 13. e4 dxe4 14. Nxe4 Bb8 15. Nc5 b6 16. Nxd7 Qxd7 17. Bb5 O-O 18. Bxc6 Qxc6 19. Rc1 Qd7 20. Qb3 Rfd8 21. Rxc8 Qxc8 22. Rd1 Rd5 23. Ne1 Qd8 24. Nc2 e5 25. Nb4 Rxd4 26. Rxd4 Qxd4 27. Nc6 Qd6 28. Qa4 Qd7 29. b4 Bd6 30. b5 Bc5 31. Nxe5 Qd2 32. Qf4 Qxf4 33. gxf4 Bxa3 34. Nc6 Kf8 35. Kf1 Ke8 36. Ke2 Kd7 37. Nxa7 Kd6 38. Kd3 Kc5 39. g4 Bb2 1/2-1/2

[Event "Winnipeg TNT October op"]
[Site "Winnipeg CAN"]
[Date "2017.10.24"]
[Round "4"]
[White "Magyar, Peter"]
[Black "Kernetsky, Myron"]
[Result "0-1"]
[WhiteElo "1444"]
[BlackElo "2091"]
[WhiteFideId "-1"]
[WhiteFideId "-1"]
[PlyCount "78"]
[GameId "2160767908330242"]
[EventDate "2017.10.03"]
[EventType "swiss"]
[EventRounds "4"]
[EventCountry "CAN"]
[SourceTitle "EXT 2022"]
[Source "ChessBase"]
[SourceDate "2021.10.06"]
[SourceVersion "1"]
[SourceVersionDate "2021.10.06"]
[SourceQuality "1"]

1. d4 Nf6 2. Bf4 d5 3. e3 c5 4. c3 Qb6 5. Qb3 c4 6. Qc2 g6 7. Be2 Bf5 8. Qc1 Bg7 9. h3 Nc6 10. Nf3 O-O 11. Nbd2 Rad8 12. b4 cxb3 13. axb3 Rc8 14. c4 dxc4 15. bxc4 a6 16. O-O h5 17. Nh4 Bd7 18. c5 Qa7 19. Qb2 Nd5 20. Bh2 Rfe8 21. Ne4 Rcd8 22. Rfb1 Bc8 23. Ra3 e5 24. Nd6 exd4 25. Nxe8 Rxe8 26. Qc2 dxe3 27. f3 Nd4 28. Qc4 Be6 29. Kf1 Nf4 30. Qa4 Nfxe2 31. Qxe8+ Kh7 32. Rb6 Bc4 33. Rxe3 g5 34. Re7 Nc1+ 35. Ke1 Nd3+ 36. Kf1 Nxc5+ 37. Kg1 Qxb6 38. Kh1 Qb1+ 39. Bg1 gxh4 0-1

[Event "Winnipeg TNT October op"]
[Site "Winnipeg CAN"]
[Date "2017.10.24"]
[Round "4"]
[White "Patel, Aalekh"]
[Black "Furda, Evheniya Diana"]
[Result "1/2-1/2"]
[WhiteElo "1577"]
[BlackElo "1615"]
[WhiteFideId "-1"]
[WhiteFideId "-1"]
[PlyCount "49"]
[GameId "2160767908330243"]
[EventDate "2017.10.03"]
[EventType "swiss"]
[EventRounds "4"]
[EventCountry "CAN"]
[SourceTitle "EXT 2022"]
[Source "ChessBase"]
[SourceDate "2021.10.06"]
[SourceVersion "1"]
[SourceVersionDate "2021.10.06"]
[SourceQuality "1"]

1. e4 e5 2. Nf3 Nc6 3. d4 exd4 4. Bc4 Qf6 5. O-O Bc5 6. e5 Nxe5 7. Nxe5 d5 8. Nd3 dxc4 9. Nxc5 Ne7 10. Ne4 Qb6 11. a4 Bf5 12. Nbd2 Qc6 13. Ng3 Be6 14. b3 O-O-O 15. Nxc4 Bxc4 16. bxc4 Qxc4 17. Qe2 Qxe2 18. Nxe2 Rhe8 19. Bb2 Nc6 20. Rfe1 g6 21. Rad1 a6 22. Kf1 Re4 23. g3 d3 24. cxd3 Rxa4 25. Ng1 1/2-1/2

[Event "Winnipeg TNT October op"]
[Site "Winnipeg CAN"]
[Date "2017.10.24"]
[Round "4"]
[White "Reimer, Bruce"]
[Black "Piche, Zachary"]
[Result "1-0"]
[WhiteElo "1632"]
[BlackElo "1370"]
[WhiteFideId "-1"]
[WhiteFideId "-1"]
[PlyCount "55"]
[GameId "2160767908330245"]
[EventDate "2017.10.03"]
[EventType "swiss"]
[EventRounds "4"]
[EventCountry "CAN"]
[SourceTitle "EXT 2022"]
[Source "ChessBase"]
[SourceDate "2021.10.06"]
[SourceVersion "1"]
[SourceVersionDate "2021.10.06"]
[SourceQuality "1"]

1. c4 c5 2. g3 g6 3. Bg2 Bg7 4. Nc3 Nc6 5. e4 Ne5 6. d3 Nf6 7. f4 Nc6 8. Nge2 d6 9. O-O Bg4 10. h3 Bd7 11. Be3 O-O 12. Qd2 e6 13. g4 h5 14. g5 Ne8 15. h4 Nd4 16. Bxd4 Bxd4+ 17. Nxd4 cxd4 18. Ne2 e5 19. f5 Nc7 20. Ng3 b5 21. b3 bxc4 22. bxc4 Rb8 23. Rab1 Qe7 24. Rb2 Rxb2 25. Qxb2 Kh8 26. Qb7 Bc8 27. Qxa7 Qd7 28. fxg6 1-0

[Event "Winnipeg TNT October op"]
[Site "Winnipeg CAN"]
[Date "2017.10.24"]
[Round "4"]
[White "Swift, Ryne"]
[Black "Rutter, Blair"]
[Result "1-0"]
[WhiteElo "2005"]
[BlackElo "2035"]
[WhiteFideId "-1"]
[WhiteFideId "-1"]
[PlyCount "107"]
[GameId "2160767908330246"]
[EventDate "2017.10.03"]
[EventType "swiss"]
[EventRounds "4"]
[EventCountry "CAN"]
[SourceTitle "EXT 2022"]
[Source "ChessBase"]
[SourceDate "2021.10.06"]
[SourceVersion "1"]
[SourceVersionDate "2021.10.06"]
[SourceQuality "1"]

1. e4 e6 2. d4 d5 3. Nd2 c5 4. dxc5 Bxc5 5. Nb3 Be7 6. exd5 exd5 7. Nf3 Nf6 8. Be2 O-O 9. O-O Nc6 10. Bg5 h6 11. Bh4 Bf5 12. Nfd4 Bg6 13. Nxc6 bxc6 14. c4 Qd7 15. Rc1 Rad8 16. c5 Rfe8 17. Nd4 Rc8 18. b4 Ne4 19. Bxe7 Qxe7 20. Qa4 Qf6 21. b5 cxb5 22. Bxb5 Re7 23. c6 Nd6 24. Ba6 Rcc7 25. Nb5 Nxb5 26. Qxb5 Qd6 27. f3 Kh7 28. Bb7 Re3 29. Qc5 Qxc5 30. Rxc5 d4 31. Rd5 d3 32. Rd7 Re7 33. Rxc7 Rxc7 34. Kf2 Kg8 35. Re1 Kf8 36. Re3 f6 37. Ke1 h5 38. Kd2 Bf5 39. g4 hxg4 40. fxg4 Bxg4 41. Rxd3 Ke7 42. Rg3 Be6 43. Rxg7+ Kd6 44. Rxc7 Kxc7 45. a3 Bh3 46. Ke3 a5 47. Kf3 Kd6 48. Kg3 Bf5 49. h4 Bd3 50. h5 Bf5 51. Kf4 Bd3 52. h6 Bg6 53. c7 Kxc7 54. Be4 1-0

[Event "Winnipeg TNT September op"]
[Site "Winnipeg CAN"]
[Date "2017.09.05"]
[Round "1"]
[White "Abusaleh, Yazan"]
[Black "Remillard, John"]
[Result "1/2-1/2"]
[WhiteElo "996"]
[BlackElo "1624"]
[WhiteFideId "-1"]
[WhiteFideId "-1"]
[PlyCount "62"]
[GameId "2160767908347028"]
[EventDate "2017.09.05"]
[EventType "swiss"]
[EventRounds "4"]
[EventCountry "CAN"]
[SourceTitle "EXT 2022"]
[Source "ChessBase"]
[SourceDate "2021.10.06"]
[SourceVersion "1"]
[SourceVersionDate "2021.10.06"]
[SourceQuality "1"]

1. d4 c5 2. Nf3 e6 3. c4 Nf6 4. Bf4 Qb6 5. e3 Qxb2 6. Nbd2 cxd4 7. exd4 Bb4 8. Be2 Ne4 9. O-O Nxd2 10. Bxd2 Bxd2 11. Qxd2 Qxd2 12. Nxd2 Nc6 13. d5 Nd4 14. Bd1 b6 15. Nb3 Nxb3 16. axb3 Bb7 17. Bf3 O-O 18. b4 Rfc8 19. Rfc1 d6 20. Rab1 exd5 21. c5 dxc5 22. bxc5 Rab8 23. cxb6 Rxc1+ 24. Rxc1 axb6 25. Rb1 Ba8 26. Rb5 Kf8 27. Bxd5 Bxd5 28. Rxd5 b5 29. Kf1 b4 30. Rd1 Ke7 31. Rb1 Kd6 1/2-1/2

[Event "Winnipeg TNT September op"]
[Site "Winnipeg CAN"]
[Date "2017.09.05"]
[Round "1"]
[White "Letain, Cory"]
[Black "Sauddin, Ray"]
[Result "1-0"]
[WhiteElo "1636"]
[BlackElo "1362"]
[WhiteFideId "-1"]
[WhiteFideId "-1"]
[PlyCount "67"]
[GameId "2160767908347029"]
[EventDate "2017.09.05"]
[EventType "swiss"]
[EventRounds "4"]
[EventCountry "CAN"]
[SourceTitle "EXT 2022"]
[Source "ChessBase"]
[SourceDate "2021.10.06"]
[SourceVersion "1"]
[SourceVersionDate "2021.10.06"]
[SourceQuality "1"]

1. e4 c6 2. d4 d5 3. Nc3 dxe4 4. Nxe4 Bf5 5. Ng3 Bg6 6. h4 h6 7. Nf3 e6 8. h5 Bh7 9. Bd3 Nf6 10. Be3 Bd6 11. Qd2 Nd5 12. Bxh7 Rxh7 13. O-O Nd7 14. c4 Nxe3 15. Qxe3 Qc7 16. Ne4 Bf4 17. Qd3 O-O-O 18. Nd6+ Qxd6 19. Qxh7 Qf8 20. Qe4 Bc7 21. a3 a5 22. Rfb1 Qe7 23. b4 f5 24. Qc2 g5 25. bxa5 Bxa5 26. Qa4 Bc7 27. Qa8+ Nb8 28. Qxb7+ Kd7 29. Ne5+ Ke8 30. Nxc6 Nxc6 31. Qxc6+ Kf7 32. Rb7 Rc8 33. Kf1 g4 34. d5 1-0

[Event "Winnipeg TNT September op"]
[Site "Winnipeg CAN"]
[Date "2017.09.05"]
[Round "1"]
[White "Piche, Zachary"]
[Black "Evans, Jason"]
[Result "0-1"]
[WhiteElo "1393"]
[BlackElo "1645"]
[WhiteFideId "-1"]
[WhiteFideId "-1"]
[PlyCount "102"]
[GameId "2160767908347030"]
[EventDate "2017.09.05"]
[EventType "swiss"]
[EventRounds "4"]
[EventCountry "CAN"]
[SourceTitle "EXT 2022"]
[Source "ChessBase"]
[SourceDate "2021.10.06"]
[SourceVersion "1"]
[SourceVersionDate "2021.10.06"]
[SourceQuality "1"]

1. Nf3 d5 2. c4 c6 3. Nc3 Nf6 4. d4 Bf5 5. g3 e6 6. Bf4 Bd6 7. Ne5 Bxe5 8. Bxe5 Nbd7 9. Bd6 Nb6 10. c5 Nc4 11. Qb3 Nxd6 12. cxd6 b6 13. Bg2 Qxd6 14. O-O O-O 15. f3 Rfc8 16. Qd1 Qd7 17. e4 dxe4 18. fxe4 Bg4 19. Qd3 Rd8 20. e5 Nd5 21. Nxd5 cxd5 22. Rac1 Rdc8 23. Bf3 Bf5 24. Qb3 Rc7 25. Rc3 Rxc3 26. Qxc3 Rc8 27. Qd2 Rc2 28. Qb4 Qc7 29. Qd6 h6 30. Rf2 Rc6 31. Qb4 Rc4 32. Qd6 Rc6 33. Qb4 a5 34. Qb3 Rc4 35. Qe3 Bh3 36. Bg2 Rc1+ 37. Bf1 Qc4 38. Qf3 Bxf1 39. Rxf1 Qxd4+ 40. Kg2 Rxf1 41. Qxf1 Qxe5 42. Qf2 Qd6 43. b3 d4 44. Qd2 d3 45. Qe1 d2 46. Qd1 Qd4 47. Kh3 f5 48. a3 Qg4+ 49. Qxg4 fxg4+ 50. Kxg4 d1=Q+ 51. Kf4 Qxb3 0-1

[Event "Winnipeg TNT September op"]
[Site "Winnipeg CAN"]
[Date "2017.09.05"]
[Round "1"]
[White "Reimer, Bruce"]
[Black "Trueman, Francis"]
[Result "0-1"]
[WhiteElo "1726"]
[BlackElo "1436"]
[WhiteFideId "-1"]
[WhiteFideId "-1"]
[PlyCount "104"]
[GameId "2160767908347031"]
[EventDate "2017.09.05"]
[EventType "swiss"]
[EventRounds "4"]
[EventCountry "CAN"]
[SourceTitle "EXT 2022"]
[Source "ChessBase"]
[SourceDate "2021.10.06"]
[SourceVersion "1"]
[SourceVersionDate "2021.10.06"]
[SourceQuality "1"]

1. g3 Nf6 2. Bg2 d6 3. d3 Nbd7 4. a3 e5 5. b4 c6 6. Bb2 g6 7. c4 a6 8. Nd2 Bg7 9. e3 O-O 10. Ne2 Re8 11. O-O Qe7 12. Qc2 Nf8 13. Nb3 Bd7 14. Nc3 Rab8 15. a4 Rec8 16. a5 h5 17. h4 N6h7 18. Na4 Rd8 19. Nb6 Be8 20. Rfe1 d5 21. c5 Nd7 22. Bc3 f6 23. d4 e4 24. Bh3 f5 25. Nc1 Bf7 26. Ne2 Bf6 27. Nf4 Bxh4 28. gxh4 Qxh4 29. Bg2 g5 30. Nh3 Be6 31. Kf1 f4 32. Ng1 f3 33. Nxf3 exf3 34. Bxf3 g4 35. Qg6+ Kh8 36. Bg2 Rf8 37. Ra2 Rf6 38. Qc2 Rbf8 39. Nxd7 Bxd7 40. e4 Rxf2+ 41. Qxf2 Rxf2+ 42. Rxf2 g3 43. Rf7 Be6 44. Rf3 Bg4 45. Rfe3 Qf6+ 46. Kg1 Qf2+ 47. Kh1 Bh3 48. Rg1 Bxg2+ 49. Rxg2 Qxe3 50. Bd2 Qf3 51. exd5 Qf1+ 52. Rg1 Qh3# 0-1

[Event "Winnipeg TNT September op"]
[Site "Winnipeg CAN"]
[Date "2017.09.05"]
[Round "1"]
[White "Rutter, Blair"]
[Black "Magyar, Peter"]
[Result "1-0"]
[WhiteElo "2025"]
[BlackElo "1539"]
[WhiteFideId "-1"]
[WhiteFideId "-1"]
[PlyCount "73"]
[GameId "2160767908347032"]
[EventDate "2017.09.05"]
[EventType "swiss"]
[EventRounds "4"]
[EventCountry "CAN"]
[SourceTitle "EXT 2022"]
[Source "ChessBase"]
[SourceDate "2021.10.06"]
[SourceVersion "1"]
[SourceVersionDate "2021.10.06"]
[SourceQuality "1"]

1. c4 c5 2. g3 e6 3. Bg2 Nf6 4. e4 d6 5. Ne2 Be7 6. Nbc3 a6 7. O-O Nbd7 8. d3 Rb8 9. a4 O-O 10. h3 b6 11. Kh2 Bb7 12. Be3 Qc7 13. Qd2 Rbd8 14. b3 Ne5 15. f4 Nc6 16. Rad1 Nb4 17. d4 d5 18. cxd5 exd5 19. e5 Ne4 20. Nxe4 dxe4 21. Rc1 Qb8 22. Rfd1 a5 23. Nc3 f5 24. exf6 Bxf6 25. Nxe4 Bxd4 26. Qe2 Rfe8 27. Bxd4 Bxe4 28. Bxe4 cxd4 29. Qc4+ Kf8 30. Bxh7 Nd5 31. Re1 Nf6 32. Bd3 Qb7 33. Rxe8+ Nxe8 34. Qc6 Qb8 35. Re1 Rc8 36. Qe4 Qd6 37. Qf5+ 1-0

[Event "Winnipeg TNT September op"]
[Site "Winnipeg CAN"]
[Date "2017.09.12"]
[Round "2"]
[White "Bince, Rolando"]
[Black "Patel, Aalekh"]
[Result "1-0"]
[WhiteElo "1493"]
[BlackElo "2056"]
[WhiteFideId "-1"]
[WhiteFideId "-1"]
[PlyCount "53"]
[GameId "2160767908347034"]
[EventDate "2017.09.05"]
[EventType "swiss"]
[EventRounds "4"]
[EventCountry "CAN"]
[SourceTitle "EXT 2022"]
[Source "ChessBase"]
[SourceDate "2021.10.06"]
[SourceVersion "1"]
[SourceVersionDate "2021.10.06"]
[SourceQuality "1"]

1. e4 e5 2. f4 Bc5 3. Nf3 d6 4. c3 Bg4 5. Bc4 Nf6 6. d3 Nbd7 7. h3 Bxf3 8. Qxf3 h5 9. f5 Qe7 10. Bg5 O-O-O 11. b4 Bb6 12. a4 a5 13. bxa5 Bxa5 14. O-O h4 15. Ra2 Bb6+ 16. Kh2 Qf8 17. a5 Ba7 18. Rb2 Rh5 19. Be3 Bxe3 20. Qxe3 Kb8 21. Na3 d5 22. Rfb1 Nc5 23. exd5 Rxf5 24. Rb5 Ncd7 25. R5b4 Qd6 26. Nb5 Qa6 27. d4 1-0

[Event "Winnipeg TNT September op"]
[Site "Winnipeg CAN"]
[Date "2017.09.12"]
[Round "2"]
[White "Evans, Jason"]
[Black "Gannon, Keith"]
[Result "1-0"]
[WhiteElo "1645"]
[BlackElo "1567"]
[WhiteFideId "-1"]
[WhiteFideId "-1"]
[PlyCount "65"]
[GameId "2160767908347035"]
[EventDate "2017.09.05"]
[EventType "swiss"]
[EventRounds "4"]
[EventCountry "CAN"]
[SourceTitle "EXT 2022"]
[Source "ChessBase"]
[SourceDate "2021.10.06"]
[SourceVersion "1"]
[SourceVersionDate "2021.10.06"]
[SourceQuality "1"]

1. e4 e5 2. Nf3 d6 3. d4 exd4 4. Nxd4 Nf6 5. Nc3 Be7 6. Bc4 O-O 7. O-O a6 8. a4 Nbd7 9. Bd2 Ne5 10. Bb3 c5 11. Nde2 Be6 12. Nf4 Bxb3 13. cxb3 Qd7 14. Qc2 b5 15. Ncd5 Nxd5 16. Nxd5 b4 17. Nb6 Qb7 18. Nxa8 Rxa8 19. Rad1 a5 20. Bf4 Rc8 21. Bxe5 dxe5 22. Rd5 f6 23. Rfd1 Rc7 24. R1d2 h6 25. Qd1 Qc6 26. Rd7 Rxd7 27. Rxd7 Kf8 28. Qd5 Qa6 29. Rc7 g5 30. Qd7 Qd6 31. Rc8+ Kf7 32. Qe8+ Ke6 33. Rc6 1-0

[Event "Winnipeg TNT September op"]
[Site "Winnipeg CAN"]
[Date "2017.09.12"]
[Round "2"]
[White "Magyar, Peter"]
[Black "Abusaleh, Yazan"]
[Result "1-0"]
[WhiteElo "1457"]
[BlackElo "996"]
[WhiteFideId "-1"]
[WhiteFideId "-1"]
[PlyCount "113"]
[GameId "2160767908347036"]
[EventDate "2017.09.05"]
[EventType "swiss"]
[EventRounds "4"]
[EventCountry "CAN"]
[SourceTitle "EXT 2022"]
[Source "ChessBase"]
[SourceDate "2021.10.06"]
[SourceVersion "1"]
[SourceVersionDate "2021.10.06"]
[SourceQuality "1"]

1. d4 Nf6 2. Bf4 d5 3. h3 Bf5 4. e3 Nbd7 5. Nf3 h6 6. Nbd2 e6 7. Be2 c5 8. c3 Be7 9. Rc1 O-O 10. O-O Ne4 11. Bh2 c4 12. Ne5 Nxe5 13. Bxe5 Bf6 14. Bh2 Nxd2 15. Qxd2 Re8 16. Bd1 b5 17. Bc2 Bxc2 18. Qxc2 a5 19. b3 e5 20. bxc4 bxc4 21. Rfe1 Qc7 22. e4 Bg5 23. Rcd1 Bf4 24. Bxf4 exf4 25. e5 Qd8 26. Qe2 Qg5 27. Qf3 Rab8 28. Qxd5 a4 29. f3 Rbc8 30. Rb1 Qf5 31. Qe4 Qxe4 32. Rxe4 g5 33. d5 Rb8 34. Rb4 Rxb4 35. cxb4 c3 36. Rc4 Rxe5 37. Rxc3 Rxd5 38. Ra3 Rd4 39. Rxa4 f5 40. Ra8+ Kf7 41. b5 Rd1+ 42. Kf2 Rb1 43. a4 Ke7 44. Ra6 Kd7 45. b6 Kc8 46. a5 Kb8 47. Ra7 Rb2+ 48. Kg1 g4 49. hxg4 fxg4 50. fxg4 Rb3 51. Rh7 Rg3 52. a6 f3 53. a7+ Ka8 54. Rh8+ Kb7 55. a8=Q+ Kxb6 56. Qb8+ Kc6 57. Qxg3 1-0

[Event "Winnipeg TNT September op"]
[Site "Winnipeg CAN"]
[Date "2017.09.12"]
[Round "2"]
[White "Mandusic, Ante"]
[Black "Einarsson, Ken"]
[Result "0-1"]
[WhiteElo "1178"]
[BlackElo "1768"]
[WhiteFideId "-1"]
[WhiteFideId "-1"]
[PlyCount "60"]
[GameId "2160767908347037"]
[EventDate "2017.09.05"]
[EventType "swiss"]
[EventRounds "4"]
[EventCountry "CAN"]
[SourceTitle "EXT 2022"]
[Source "ChessBase"]
[SourceDate "2021.10.06"]
[SourceVersion "1"]
[SourceVersionDate "2021.10.06"]
[SourceQuality "1"]

1. e4 c6 2. d3 d5 3. Be2 e5 4. Nf3 Bd6 5. b3 d4 6. Bb2 Nf6 7. O-O O-O 8. Nbd2 Re8 9. c4 c5 10. a4 Nc6 11. Qc2 Nb4 12. Qc1 Bd7 13. Nh4 Ng4 14. Nhf3 a6 15. Ba3 b5 16. Bxb4 cxb4 17. a5 Bc7 18. Qb2 Bxa5 19. cxb5 Bxb5 20. Qa2 Bb6 21. Rfc1 Rc8 22. Rxc8 Qxc8 23. Rc1 Qxc1+ 24. Bf1 Bxd3 25. Qa4 Rb8 26. Qxb4 Bxf1 27. Nxf1 d3 28. Qd6 Bxf2+ 29. Kh1 Qxf1+ 30. Ng1 Qxg1# 0-1

[Event "Winnipeg TNT September op"]
[Site "Winnipeg CAN"]
[Date "2017.09.12"]
[Round "2"]
[White "Myrzaibraimov, Azamat"]
[Black "Wolchock, Theo"]
[Result "0-1"]
[WhiteElo "1493"]
[BlackElo "2056"]
[WhiteFideId "-1"]
[WhiteFideId "-1"]
[PlyCount "42"]
[GameId "2160767908347038"]
[EventDate "2017.09.05"]
[EventType "swiss"]
[EventRounds "4"]
[EventCountry "CAN"]
[SourceTitle "EXT 2022"]
[Source "ChessBase"]
[SourceDate "2021.10.06"]
[SourceVersion "1"]
[SourceVersionDate "2021.10.06"]
[SourceQuality "1"]

1. e4 c5 2. c3 Nf6 3. Qf3 Nc6 4. Bc4 e6 5. d3 d5 6. Bb5 Bd7 7. Bg5 Ne5 8. Bxd7+ Qxd7 9. Qg3 dxe4 10. Bxf6 gxf6 11. dxe4 O-O-O 12. f4 Qd1+ 13. Kf2 Ng4+ 14. Qxg4 Qxg4 15. Ne2 c4 16. Na3 Bc5+ 17. Kf1 Rd2 18. Re1 Qxf4+ 19. Nxf4 Rf2+ 20. Kg1 Rxf4+ 21. Re3 Bxe3# 0-1

[Event "Winnipeg TNT September op"]
[Site "Winnipeg CAN"]
[Date "2017.09.12"]
[Round "2"]
[White "Remillard, John"]
[Black "Kernetsky, Myron"]
[Result "0-1"]
[WhiteElo "1624"]
[BlackElo "2104"]
[WhiteFideId "-1"]
[WhiteFideId "-1"]
[PlyCount "98"]
[GameId "2160767908347039"]
[EventDate "2017.09.05"]
[EventType "swiss"]
[EventRounds "4"]
[EventCountry "CAN"]
[SourceTitle "EXT 2022"]
[Source "ChessBase"]
[SourceDate "2021.10.06"]
[SourceVersion "1"]
[SourceVersionDate "2021.10.06"]
[SourceQuality "1"]

1. Nf3 Nf6 2. d4 d6 3. Bf4 Bg4 4. Nbd2 Nbd7 5. h3 Bh5 6. e4 e6 7. g4 Bg6 8. Bd3 Be7 9. Qe2 a6 10. Bg3 b5 11. Nh2 d5 12. e5 Ng8 13. f4 Bxd3 14. Qxd3 Bh4 15. g5 Bxg3+ 16. Qxg3 c5 17. c3 Ne7 18. Nhf3 Rc8 19. Ke2 Nf5 20. Qf2 Qb6 21. Rhc1 O-O 22. Nb3 Rc7 23. Nh4 Nxh4 24. Qxh4 b4 25. Qg3 Qb5+ 26. Ke3 Rfc8 27. Qe1 a5 28. cxb4 axb4 29. h4 Qb6 30. h5 g6 31. h6 Kf8 32. Qd1 Qb5 33. a4 bxa3 34. bxa3 cxd4+ 35. Nxd4 Rc3+ 36. Rxc3 Rxc3+ 37. Kf2 Qc4 38. Ne2 Rc2 39. Qe1 Rxe2+ 40. Qxe2 Qd4+ 41. Kf3 Qxa1 42. Qa6 Qd4 43. Kg3 Qc5 44. a4 Ke7 45. a5 d4 46. Kf3 Qc3+ 47. Ke2 Qc2+ 48. Ke1 d3 49. Qd6+ Kd8 0-1

[Event "Winnipeg TNT September op"]
[Site "Winnipeg CAN"]
[Date "2017.09.12"]
[Round "2"]
[White "Sauddin, Ray"]
[Black "Reimer, Bruce"]
[Result "1-0"]
[WhiteElo "1362"]
[BlackElo "1726"]
[WhiteFideId "-1"]
[WhiteFideId "-1"]
[PlyCount "51"]
[GameId "2160767908347040"]
[EventDate "2017.09.05"]
[EventType "swiss"]
[EventRounds "4"]
[EventCountry "CAN"]
[SourceTitle "EXT 2022"]
[Source "ChessBase"]
[SourceDate "2021.10.06"]
[SourceVersion "1"]
[SourceVersionDate "2021.10.06"]
[SourceQuality "1"]

1. Nf3 d6 2. c4 e5 3. Nc3 f5 4. d3 Nf6 5. Bg5 h6 6. Bxf6 Qxf6 7. Nd5 Qd8 8. e3 c6 9. Nxe5 Qa5+ 10. b4 Qxd5 11. cxd5 dxe5 12. Qh5+ Ke7 13. Rc1 Kf6 14. a3 a5 15. d4 e4 16. dxc6 axb4 17. Bc4 Be6 18. cxb7 Ra7 19. Bxe6 Kxe6 20. Qe8+ Be7 21. Qxh8 Rxb7 22. Qc8+ Rd7 23. Qxb8 bxa3 24. Qe5+ Kf7 25. Qxf5+ Ke8 26. O-O 1-0

[Event "Winnipeg TNT September op"]
[Site "Winnipeg CAN"]
[Date "2017.09.12"]
[Round "2"]
[White "Swift, Ryne"]
[Black "Letain, Cory"]
[Result "1-0"]
[WhiteElo "1944"]
[BlackElo "1636"]
[WhiteFideId "-1"]
[WhiteFideId "-1"]
[PlyCount "83"]
[GameId "2160767908347041"]
[EventDate "2017.09.05"]
[EventType "swiss"]
[EventRounds "4"]
[EventCountry "CAN"]
[SourceTitle "EXT 2022"]
[Source "ChessBase"]
[SourceDate "2021.10.06"]
[SourceVersion "1"]
[SourceVersionDate "2021.10.06"]
[SourceQuality "1"]

1. e4 e5 2. Nf3 Nf6 3. Nxe5 d6 4. Nf3 Nxe4 5. Qe2 Qe7 6. d3 Nf6 7. h3 h6 8. Nc3 Nc6 9. Bd2 Be6 10. O-O-O O-O-O 11. Kb1 Kb8 12. Re1 g5 13. Nb5 Bg7 14. Nbd4 Nxd4 15. Nxd4 Rhe8 16. Nxe6 fxe6 17. g3 Nd7 18. Bg2 Nb6 19. h4 Qf6 20. c3 g4 21. Qxg4 Qxf2 22. Re2 Qf7 23. Rf1 Qd7 24. Qf3 d5 25. d4 Nc4 26. Bf4 Rf8 27. Bh3 Rde8 28. Rfe1 Rf6 29. Qg2 Qf7 30. Qxd5 Nb6 31. Qb3 Qg6+ 32. Ka1 Nd5 33. Qxd5 a6 34. Rxe6 Rfxe6 35. Rxe6 Rxe6 36. Qxe6 Qd3 37. a3 Qd1+ 38. Ka2 Qa4 39. Qc8+ Ka7 40. Qxc7 Bf6 41. d5 Qb5 42. Be3+ 1-0

[Event "Winnipeg TNT September op"]
[Site "Winnipeg CAN"]
[Date "2017.09.12"]
[Round "2"]
[White "Trueman, Francis"]
[Black "Rutter, Blair"]
[Result "0-1"]
[WhiteElo "1436"]
[BlackElo "2025"]
[WhiteFideId "-1"]
[WhiteFideId "-1"]
[PlyCount "52"]
[GameId "2160767908347042"]
[EventDate "2017.09.05"]
[EventType "swiss"]
[EventRounds "4"]
[EventCountry "CAN"]
[SourceTitle "EXT 2022"]
[Source "ChessBase"]
[SourceDate "2021.10.06"]
[SourceVersion "1"]
[SourceVersionDate "2021.10.06"]
[SourceQuality "1"]

1. e4 e5 2. Nf3 d6 3. d3 Be7 4. Nbd2 Nc6 5. g3 f5 6. exf5 Bxf5 7. Qe2 Nf6 8. Bg2 O-O 9. O-O Qd7 10. Ne4 Bg4 11. Nxf6+ Rxf6 12. Qe4 d5 13. Nxe5 dxe4 14. Nxd7 Bxd7 15. Bxe4 h6 16. Bf4 Bd6 17. Bd2 Bc5 18. c3 Bh3 19. Bg2 Bxg2 20. Kxg2 Bd6 21. f4 Re8 22. Kh3 Re2 23. Rad1 Rfe6 24. Kg4 Rxh2 25. d4 Ree2 26. Bc1 Na5 0-1